Every Spiderman Villain - Statistics

General Stats
  • This quiz has been taken 120 times
  • The average score is 25 of 97
Answer Stats
Alter Ego Ability/Tech/Power Answer % Correct
Otto Octavius Long Tentacles, Really smart Doctor Octopus
91%
Cletus Kasady Alien Symbiote Carnage
87%
Quentin Beck Master illusionist, Skilled hypnotist Mysterio
87%
Maxwell Dillon Electric powers Electro
85%
Norman Osborn Superhuman Physical abilities Green Goblin
85%
Aleksei Sytsevich Super strength and speed, armoured exoskeleton Rhino
82%
Eddie Brock Enhanced strength and healing, shapeshift Venom
82%
Flint Marko Sand powers, Super strength Sandman
80%
Sergei Kravinoff Expert Hunter, Enhanced Strength Kraven The Hunter
79%
Curt Connors Reptile Powers, Sharp teeth and claws Lizard
78%
William Fisk Brilliant criminal mind, Almost solid muscle, Great combat skill Kingpin
76%
Mac Gargan Scorpion suit, Stinger on tail Scorpion
74%
Adrian Toomes flying suit, enhanced strength Vulture
74%
Dmitri Smerdyakov The Master of Disguise Chameleon
68%
Victor Von Doom Sorcerer, Extremley strong suit Doctor Doom
64%
Roderick Kingsley Superhuman Abilities Hobgoblin
64%
Herman Schultz Shock gauntlets, Shock absorbing battlesuit Shocker
62%
Lonnie Lincoln Superhuman strength, bulletproof skin, gun expert Tombstone
52%
Morris Bench water Powers Hydro Man
49%
Martin Li Dark Powers, Healer, shapeshfiter, Corrupting touch Mister Negative
48%
Miles Warren Scientific genius, Super strength, venemous claws Jackal
47%
Jonas Harrow Metal hard skull, skilled with guns Hammerhead
44%
Fred Myers Boomerang expert, explosive carrier Boomerang
42%
Donna Diego Symbiote, Deadly scream Scream
40%
N/A Makes deadly weapons from ordinary machines Tinkerer
40%
Tony Masters Photographic reflexes, The master of fighting skill Taskmaster
39%
Jonathan Ohnn Body dimensional portals Spot
38%
Cain Marko Superhuman Strength, Invulnerable it basically anything. Juggernaut
32%
Fritz von Meyer Control bees or insects, mad intelligence Swarm
24%
Anton Miguel Rodriguez Military fighting skills, boots filled with poison Tarantula
23%
Frederick Foswell Big Suit Big Man
21%
N/A Superb gymnast Screwball
20%
Coldheart Twin Swords that can freeze anything Coldheart
18%
Jason Macendale Weapons and combat expert, carries explosives Jack O'Lantern
18%
N/A Limitless power, strength, Immortal, Shapeshifter Mephisto
17%
N/A Absorb Life force, Strength varies on when he was fed Morlun
17%
Richard Fisk Criminal Mastermind, skilled with firearms Rose
17%
N/A Powerful sonic beam, Brings out bad side of people with mind control Shriek
17%
Brian Hibbs Armoured suit, Amazing leap, Strong metal tail Kangaroo
16%
Silvio Manfredi Cybernetic body, excellent shot and fighter Silvermane
16%
Basil Elks Superhuman Strength/ Freeze or burn laser eyes,Teleportation Basilisk
15%
N/A Suit and Spider slayer Robots Alistair Smythe
14%
Edward Whelan Man sized rat, communicate with rats Vermin
14%
Malcolm McBride Disintregate, teleportation, Telepathy Carrion
13%
Roderick Kingsley Mystical Powers, Fire from hands, Sharp claws and teeth Demogoblin
13%
Gabriel Stacey Superhuman strength, healing factor, Mad Reflexes Gray Goblin
13%
Maxwell Markham Superhuman physical abilities, claws Grizzly
13%
N/A Powers of a fly, spew acid from mouth. Human Fly
13%
Norton Fester Super strength, Survive huge falls Looter
13%
William Turner Stole thoughts, Read minds, Levitate Mindworm
13%
N/A Demon who targets sleeping victims, Teleportation Nightmare
13%
Stan Carter Police training, Firearms expert, combat master Sin Eater
13%
Don Callahan Turn into a squid, Strong tentacles Squid
13%
Wilbur Day long legged suit which can be a battering ram. Stilt-Man
13%
N/A Super speed and strength, Good hand to hand fighter Speed Demon
12%
Peter Petruski Brilliant chemist, immobilize enmies Trapster
12%
Parker Robbins Invisibility, flying Hood
11%
N/A Skilled driver and mechanic Overdrive
11%
Jalome Beacher Slippery suit, Glide across any surface Slyde
11%
N/A Guitar produces soundwaves, Can hypnotize Hypno Hustler
9%
Edward Lansky Absorb light, Create solid objects, Can fly Lightmaster
9%
N/A Most powerful hypnotist on Earth Mesmero
9%
Adriana Soria Posesses people, Super soldier Queen
9%
N/A Web shooters, cutting blades Spider Slayers
9%
David Cannon Generate powerful gusts of wind, wrist mounted blades Whirlwind
9%
Lorina Dodson Inventor, ridiculous weapons White Rabbit
9%
Mendel Stromm Superhuman Strength, Genius robot maker Gaunt
8%
Carlos and Eduardo Lobo Werewolves with super strength, speed, hearing, smell. Lobo Brothers
8%
Lily Hollister Green goblin weaponary, Goblin serum powers Menace
8%
Steven Hudak Armoured suit, powerful flamethrowers, has a jetpack Scorcher
8%
N/A Spider powers, clone of peter parker Spidercide
8%
Juan Carlos superhuman strength, Highly skilled fighter EL Muerto
7%
N/A Superhuman strength, heat resistance, bulletproof skin Freak
7%
Vladimir Kravinoff Superhuman physical abilities and fighting skill, wrist dart launchers. Grim Hunter
7%
Marcus Lyman Ruthless killer, Firearms expert Massacre
7%
Piper Dali Stretchy body, Change shape Paper Doll
7%
Damon Ryder Dino DNA, Sharp teeth, Retractable bones. Raptor
7%
N/A Robotics genius, Evil scientists Spencer Smythe
7%
N/A Massivley tall and haevy, Super strong, teleportation Gog
6%
Burt Kenyon Great combat master, Hunter, Marksman Hitman
6%
N/A Mindreader, Alter reality Judas Traveller
6%
Desmond Charne Projects Holographs Mirage
6%
N/A Spider-wasp, Super strength, speed, agility, senses Shathra
6%
Carl King Body can bend into any shape. Thousand
6%
N/A Pure energy, fire destructive blasts Zzzax
6%
N/A The Powers of every Spider Woman Charlotte Witter
5%
N/A Master of Illusion Fusion
5%
N/A Scientific genius Jonas Harrow
5%
N/A Control spiders, Could sting venom, Become a swarm Miss Arrow
5%
Gregory Herd Control fire, Manipulate others emotions Shadrac
5%
N/A Criminal killer, hunter, martial artist Sasha Kravinoff
4%
N/A Manipulator, Great fighter, use high tech weaponary Scrier
4%
Angelina Brancale Super strength, agility, senses, power Stunner
4%
N/A Control machines, cyborg implants Tracer
4%
N/A 3 mutant robots, fire energy beams Tri-Sentinel
4%
N/A Breathe fire, skilled fighter, razor sharp gloves White Dragon
4%
N/A Infect others to become a cyborg, Shapeshifter Phalanx
3%
No matching quizzes found
Score Distribution
Percent of People with Each Score
Percentile by Number Answered
Your Score History
You have not taken this quiz